[Event "Norderstedt op"]
[Site "Norderstedt"]
[Date "2013.04.01"]
[Round "8"]
[White "Petrosyan, Tigran"]
[Black "Klawitter, Rolf"]
[Result "0-1"]
[WhiteElo "1925"]
[BlackElo "1315"]
[PlyCount "54"]
[EventDate "2013.03.28"]
[EventType "swiss"]
[EventRounds "9"]
[EventCountry "GER"]
[SourceTitle "EXT 2015"]
[Source "ChessBase"]
[SourceDate "2014.11.20"]
[SourceVersion "1"]
[SourceVersionDate "2014.11.20"]
[SourceQuality "1"]

1. e4 e6 2. Nf3 d5 3. exd5 Qxd5 4. Nc3 Qd8 5. d4 Nf6 6. Bg5 h6 7. Bf4 a6 8. Bc4 Bb4 9. a3 Ba5 10. b4 Bb6 11. 0-0 0-0 12. Be5 Nbd7 13. b5 Nxe5 14. dxe5 Nd7 15. h3 c6 16. bxa6 bxa6 17. Na4 Ba7 18. c3 Qc7 19. Qe2 Bb7 20. Bd3 c5 21. Nh4 Nxe5 22. Bb1 g5 23. Qc2 f5 24. Nf3 Qc6 25. Ne1 c4 26. Qe2 Nd3 27. Nxd3 Qxg2# 0-1

[Event "Norderstedt op"]
[Site "Norderstedt"]
[Date "2013.03.29"]
[Round "3"]
[White "Petrosyan, Tigran"]
[Black "Gerdts, Martina"]
[Result "0-1"]
[WhiteElo "1925"]
[BlackElo "1312"]
[PlyCount "70"]
[EventDate "2013.03.28"]
[EventType "swiss"]
[EventRounds "9"]
[EventCountry "GER"]
[SourceTitle "EXT 2015"]
[Source "ChessBase"]
[SourceDate "2014.11.20"]
[SourceVersion "1"]
[SourceVersionDate "2014.11.20"]
[SourceQuality "1"]

1. e4 d6 2. Nf3 Nf6 3. Nc3 g6 4. d4 Bg7 5. Bg5 0-0 6. Bc4 Nbd7 7. 0-0 h6 8. Bxf6 Nxf6 9. d5 a6 10. a4 Re8 11. h3 e6 12. dxe6 Bxe6 13. Bxe6 Rxe6 14. b4 Nxe4 15. Nxe4 Rxe4 16. c3 Bxc3 17. Ra3 Bxb4 18. Rb3 b6 19. Qd3 d5 20. Re1 Bxe1 21. Nxe1 Rxe1+ 22. Kh2 Qd6+ 23. g3 a5 24. Qf3 Rae8 25. h4 c5 26. Re3 R8xe3 27. fxe3 d4 28. e4 d3 29. Qf2 Re2 30. Kg2 Qd4 31. Qxe2 dxe2 32. Kf3 e1Q 33. Kf4 Qf6+ 34. Kg4 h5+ 35. Kh3 Qh1# 0-1